[Event "LIV C.to Torinese Assoluto"]
[Site "Torino ITA"]
[Date "2009.11.16"]
[Round "2"]
[White "Ragni, Paolo"]
[Black "Melone, Antonio"]
[Result "0-1"]
[WhiteElo "2156"]
[BlackElo "1927"]
[PlyCount "54"]
[EventDate "2009.11.09"]

1. e4 c6 2. d4 d5 3. exd5 cxd5 4. Bd3 Nc6 5. c3 Nf6 6. Bf4 g6 7. Nd2 Bg7 8.
Ngf3 O-O 9. O-O Nh5 10. Bg5 Qd6 11. Re1 f6 12. Bh4 e5 13. dxe5 fxe5 14. Ne4 Qc7
15. Qb3 Nf4 16. Ned2 Na5 17. Qc2 e4 18. Nxe4 dxe4 19. Bxe4 Bg4 20. Rad1 Rae8
21. Bg3 Bh6 22. Qa4 b5 23. Qxb5 Rb8 24. Qa4 Rxb2 25. Bd5+ Kh8 26. Re4 Qc5 27.
Bxf4 Qxf2+ 0-1

[Event "LIV C.to Torinese Assoluto"]
[Site "Torino ITA"]
[Date "2009.11.23"]
[Round "3"]
[White "Barbiso, Tiziana"]
[Black "Digiugno, Franco"]
[Result "1-0"]
[WhiteElo "1925"]
[BlackElo "2083"]
[PlyCount "85"]
[EventDate "2009.11.09"]

1. e4 e5 2. Nf3 Nc6 3. Bc4 f5 4. exf5 e4 5. Qe2 Qe7 6. Ng1 Nf6 7. Nc3 Nd4 8.
Qd1 c6 9. Nge2 Nxf5 10. d4 d5 11. Bb3 Nh4 12. Rg1 Qc7 13. Bf4 Bd6 14. Qd2 Bg4
15. Bxd6 Qxd6 16. Qf4 Qxf4 17. Nxf4 O-O-O 18. h3 g5 19. Nfxd5 Nxd5 20. Nxd5
Bxh3 21. Ne3 Bd7 22. c3 Rhf8 23. Ke2 Ng6 24. g3 h5 25. Bc2 Rde8 26. Nc4 Rf6 27.
Nd2 Bg4+ 28. Kf1 e3 29. Ne4 Bh3+ 30. Rg2 e2+ 31. Ke1 Bxg2 32. Nxf6 Rf8 33. Bxg6
Rxf6 34. Bxh5 Rh6 35. Bg4+ Kc7 36. Kxe2 Rh7 37. f3 Rh2 38. Ke3 Kd6 39. Rd1 a5
40. Rd2 a4 41. a3 b5 42. f4 gxf4+ 43. gxf4 1-0

[Event "LIV C.to Torinese Assoluto"]
[Site "Torino ITA"]
[Date "2009.11.23"]
[Round "3"]
[White "De Barberis, Massimo"]
[Black "Ragni, Paolo"]
[Result "0-1"]
[WhiteElo "2073"]
[BlackElo "2156"]
[PlyCount "59"]
[EventDate "2009.11.09"]

1. e4 e5 2. Bc4 Nf6 3. Nc3 Nc6 4. d3 Bb4 5. Nge2 d5 6. exd5 Nxd5 7. O-O Be6 8.
Ne4 Be7 9. N2g3 Qd7 10. Ng5 Bxg5 11. Bxg5 f6 12. Bd2 O-O 13. Ne4 b6 14. Bb5
Nde7 15. Bb4 Rf7 16. c3 Qd8 17. Qa4 Nxb4 18. Qxb4 a6 19. Bc4 Nc6 20. Qa3 Bxc4
21. dxc4 Qd3 22. Rfe1 Qxc4 23. b3 Qb5 24. Rad1 a5 25. h3 Rd8 26. Rxd8+ Nxd8 27.
Rd1 Rd7 28. Qc1 Ne6 29. c4 Qc6 30. Nc3 0-1

[Event "LIV C.to Torinese Assoluto"]
[Site "Torino ITA"]
[Date "2009.11.23"]
[Round "3"]
[White "Gallucci, Alessio"]
[Black "Fortino, Fabrizio"]
[Result "1/2-1/2"]
[WhiteElo "2164"]
[BlackElo "2041"]
[PlyCount "63"]
[EventDate "2009.11.09"]

1. e4 c5 2. Nf3 Nc6 3. d4 cxd4 4. Nxd4 Nf6 5. Nc3 e5 6. Ndb5 d6 7. Bg5 a6 8.
Na3 b5 9. Nd5 Be7 10. Bxf6 Bxf6 11. c3 O-O 12. Nc2 Bg5 13. a4 bxa4 14. Rxa4 a5
15. Bb5 Ne7 16. Ncb4 Bd7 17. Nxe7+ Bxe7 18. Nc6 Bxc6 19. Bxc6 Rb8 20. b3 Rc8
21. Rc4 Qb6 22. Bd5 Rc5 23. O-O Qc7 24. Qd3 g6 25. Ra1 Kg7 26. Rxc5 Qxc5 27.
Qc4 Qb6 28. Qa4 Bd8 29. Qd7 Qc5 30. Qc6 Qxc6 31. Bxc6 Bb6 32. b4 1/2-1/2

[Event "LIV C.to Torinese Assoluto"]
[Site "Torino ITA"]
[Date "2009.11.23"]
[Round "3"]
[White "Mantovan, Giuseppe"]
[Black "Giacometto, Mario"]
[Result "0-1"]
[WhiteElo "1916"]
[BlackElo "1954"]
[PlyCount "162"]
[EventDate "2009.11.09"]

1. d4 Nf6 2. c4 g6 3. Nc3 Bg7 4. e4 d6 5. f4 O-O 6. Nf3 c5 7. d5 a6 8. a4 e6 9.
Be2 exd5 10. exd5 Re8 11. O-O b6 12. Bd3 Ng4 13. h3 Nh6 14. g4 f5 15. g5 Nf7
16. Bd2 Ra7 17. Qb3 Nd7 18. Rae1 Rxe1 19. Rxe1 Nf8 20. Re2 Bd7 21. Qd1 Rb7 22.
Qe1 h6 23. h4 hxg5 24. hxg5 Qa8 25. Nh4 Rb8 26. Re7 Re8 27. Rxe8 Qxe8 28. Qxe8
Bxe8 29. Nd1 Bxa4 30. Ne3 Bxb2 31. Nexf5 gxf5 32. Nxf5 b5 33. Ne7+ Kg7 34. g6
Nh6 35. f5 b4 36. Nc6 Nd7 37. Nd8 Nf8 38. Bg5 Ng8 39. Nf7 Be5 40. Kg2 Be8 41.
Nxe5 dxe5 42. Kf3 Nf6 43. Be3 N6d7 44. Bc2 Nxg6 45. fxg6 Bxg6 46. Ba4 Nb6 47.
Bb3 Nd7 48. Ba4 Nb6 49. Bb3 a5 50. Bxc5 a4 51. Bxa4 Nxa4 52. Bxb4 Nb6 53. d6
Be8 54. c5 Nd5 55. Bd2 Kf6 56. Ke2 Ke6 57. Kd3 Bb5+ 58. Kc2 Nf6 59. Kb3 Kd5 60.
Kb4 Kc6 61. Bg5 Nd7 62. Be3 Bf1 63. Kc3 Kb5 64. Kd2 Bh3 65. Ke2 Nxc5 66. Bg5
Nd7 67. Ke3 Bf5 68. Be7 Kc5 69. Ke2 Kd5 70. Ke3 Nc5 71. Bf8 Nb7 72. d7 Bxd7 73.
Bb4 Bf5 74. Bf8 Nd6 75. Bg7 Nc4+ 76. Ke2 e4 77. Bh6 Bg4+ 78. Kf2 Kd4 79. Bc1
Kd3 80. Kg3 Bh5 81. Kf2 Nd2 0-1

[Event "LIV C.to Torinese Assoluto"]
[Site "Torino ITA"]
[Date "2009.11.23"]
[Round "3"]
[White "Mazzetta, Renato"]
[Black "Davi, Alessandro"]
[Result "0-1"]
[WhiteElo "1913"]
[BlackElo "2024"]
[PlyCount "140"]
[EventDate "2009.11.09"]

1. e4 c6 2. d4 d5 3. exd5 cxd5 4. Bd3 Nf6 5. c3 g6 6. Nf3 Bg7 7. Bf4 O-O 8. O-O
Nh5 9. Be3 Nc6 10. Re1 f6 11. Nh4 f5 12. Bg5 Qd6 13. Be2 Nf4 14. Bxf4 Qxf4 15.
g3 Qd6 16. f4 Rb8 17. a4 b6 18. Nd2 a6 19. Ndf3 b5 20. axb5 axb5 21. Ne5 Bxe5
22. fxe5 Qc7 23. Qd2 Qb6 24. Bf3 e6 25. Qg5 Rb7 26. Ra8 Rg7 27. Kh1 Qb7 28.
Rea1 Qc7 29. Be2 b4 30. cxb4 Nxd4 31. R1a7 Qxe5 32. Nf3 Nxf3 33. Bxf3 d4 34. b5
Qxb5 35. Rxg7+ Kxg7 36. Kg2 Qxb2+ 37. Kh3 Qb4 38. Ra7+ Rf7 39. Rxf7+ Kxf7 40.
Qd8 Qc5 41. Qh8 Qf8 42. Qxd4 Qh6+ 43. Kg2 Qf8 44. Qa7+ Qe7 45. Qb8 Bd7 46. Qh8
Qf8 47. Qxh7+ Qg7 48. Qh4 g5 49. Qb4 Qe5 50. h3 Kg6 51. Qb7 Qd6 52. Qb2 e5 53.
Qe2 Bc6 54. Bxc6 Qxc6+ 55. Kf2 e4 56. Qa2 Qc5+ 57. Kg2 Kf6 58. Qg8 Qc2+ 59. Kf1
Qd1+ 60. Kf2 Qf3+ 61. Ke1 Qxg3+ 62. Kd1 Qf3+ 63. Kc1 Qxh3 64. Qd8+ Kg6 65. Qe8+
Kg7 66. Qe5+ Kh7 67. Qe7+ Kh6 68. Qf7 Qc3+ 69. Kb1 e3 70. Qxf5 Qe1+ 0-1

[Event "LIV C.to Torinese Assoluto"]
[Site "Torino ITA"]
[Date "2009.11.23"]
[Round "3"]
[White "Melone, Antonio"]
[Black "Barletta, Mauro"]
[Result "0-1"]
[WhiteElo "1927"]
[BlackElo "2210"]
[PlyCount "56"]
[EventDate "2009.11.09"]

1. d4 d5 2. c4 e5 3. dxe5 d4 4. g3 Nc6 5. Nf3 Nge7 6. Bg2 Ng6 7. O-O Ngxe5 8.
Nxe5 Nxe5 9. Bd5 Qf6 10. Bg5 Qb6 11. Qc2 Qg6 12. Qd1 Bc5 13. b4 Bxb4 14. Qa4+
Nc6 15. Bf4 Bh3 16. Rd1 O-O 17. Bxc7 Rfe8 18. a3 Bf8 19. Ra2 d3 20. exd3 Re7
21. Ba5 Rae8 22. Bg2 Nxa5 23. Bxh3 Re1+ 24. Kg2 Nc6 25. Nc3 Nd4 26. Ne4 R8xe4
27. Bf5 Qxf5 28. dxe4 Qf3+ 0-1

[Event "LIV C.to Torinese Assoluto"]
[Site "Torino ITA"]
[Date "2009.11.23"]
[Round "3"]
[White "Parodi, Alessandro"]
[Black "Fassio, Luca"]
[Result "0-1"]
[WhiteElo "2087"]
[BlackElo "2090"]
[PlyCount "102"]
[EventDate "2009.11.09"]

1. d4 g6 2. c4 Bg7 3. Nc3 d6 4. e4 Nf6 5. f3 O-O 6. Be3 b6 7. Bd3 a6 8. Nge2 c5
9. e5 Nfd7 10. exd6 exd6 11. Be4 Ra7 12. O-O Bb7 13. Qd2 Nf6 14. Bg5 Nbd7 15.
Qf4 Qc7 16. Bxb7 Rxb7 17. Ne4 Nxe4 18. fxe4 f6 19. Bh4 g5 20. Qg4 gxh4 21. Nf4
cxd4 22. Ne6 Ne5 23. Qxh4 Qe7 24. Nxf8 Qxf8 25. Rad1 d3 26. Rf5 Qf7 27. b3 b5
28. cxb5 axb5 29. Rh5 Rc7 30. Qh3 Rc2 31. Rxe5 dxe5 32. Qxd3 Rxa2 33. Qxb5 Bf8
34. b4 Kh8 35. Rd7 Qb3 36. Qf1 Qe3+ 37. Kh1 Rf2 38. Qg1 Re2 39. Qxe3 Rxe3 40.
Kg1 Bxb4 41. Rf7 Rxe4 42. Rxf6 Kg7 43. Rf3 Bc5+ 44. Kf1 h5 45. Rf5 Kg6 46. Rf3
Kg5 47. g3 h4 48. Kg2 hxg3 49. hxg3 Kg4 50. Rf7 Re2+ 51. Kf1 Rb2 0-1

[Event "LIV C.to Torinese Assoluto"]
[Site "Torino ITA"]
[Date "2009.11.23"]
[Round "3"]
[White "Pepino, Enrico"]
[Black "Berutti, Mario"]
[Result "1-0"]
[WhiteElo "2154"]
[BlackElo "1796"]
[PlyCount "77"]
[EventDate "2009.11.09"]

1. e4 e5 2. Nf3 Nf6 3. Nc3 Nc6 4. d4 exd4 5. Nxd4 Bb4 6. Nxc6 bxc6 7. Bd3 O-O
8. O-O Re8 9. Qf3 d5 10. exd5 cxd5 11. Bg5 c6 12. Rae1 Be6 13. a3 Be7 14. Ne2
h6 15. Bf4 Bg4 16. Qg3 Qd7 17. h3 Bxe2 18. Bxe2 Ne4 19. Qg4 Qxg4 20. Bxg4 Bc5
21. Bd7 Red8 22. Bxc6 g5 23. Bxa8 gxf4 24. Bxd5 Nxf2 25. Rxf2 Rxd5 26. Kf1 Bxf2
27. Kxf2 Kg7 28. Re2 Kg6 29. c4 Rc5 30. Rc2 Kf5 31. b4 Rc7 32. Kf3 f6 33. c5
Re7 34. c6 Re3+ 35. Kf2 Re8 36. b5 Rc8 37. a4 Ke4 38. a5 Kd5 39. c7 1-0

[Event "LIV C.to Torinese Assoluto"]
[Site "Torino ITA"]
[Date "2009.11.23"]
[Round "3"]
[White "Ravazzolo, Gaia"]
[Black "Bertagia, Roldano"]
[Result "0-1"]
[WhiteElo "1692"]
[BlackElo "1996"]
[PlyCount "120"]
[EventDate "2009.11.09"]

1. d4 d5 2. Nf3 Nf6 3. c4 c6 4. Nc3 e6 5. cxd5 exd5 6. Bg5 Be7 7. Qc2 h6 8. Bf4
O-O 9. e3 Nbd7 10. Bd3 Re8 11. O-O Nf8 12. Rab1 b6 13. b4 Bb7 14. Rfc1 Bd6 15.
Bxd6 Qxd6 16. h3 b5 17. a4 a6 18. Bf5 g6 19. Bd3 Kg7 20. Re1 N8d7 21. a5 Re6
22. Nd2 Rae8 23. Kh1 Nh5 24. Ne2 f5 25. Nb3 f4 26. Nc5 Nxc5 27. dxc5 Qf8 28.
Qc3+ Kh7 29. Nxf4 Nxf4 30. exf4 Qxf4 31. Rxe6 Rxe6 32. Kg1 Bc8 33. Re1 d4 34.
Qc1 Qxc1 35. Rxc1 Kg7 36. Kf1 Kf6 37. Re1 g5 38. Rxe6+ Kxe6 39. Be4 Bd7 40. Ke2
Ke5 41. Kd3 Be8 42. Bf3 Bg6+ 43. Kd2 Be4 44. Bxe4 Kxe4 45. Ke2 d3+ 46. Kd2 Kd4
47. h4 Kc4 48. hxg5 hxg5 49. f3 Kxb4 50. Kxd3 Kxc5 51. g3 Kd5 52. f4 gxf4 53.
gxf4 c5 54. f5 Ke5 55. f6 Kxf6 56. Ke3 Ke5 57. Kd3 Kf4 58. Kc3 Ke3 59. Kb3 Kd3
60. Kb2 Kd2 0-1

[Event "LIV C.to Torinese Assoluto"]
[Site "Torino ITA"]
[Date "2009.11.23"]
[Round "3"]
[White "Settis, Massimo"]
[Black "Finocchiaro, Gianluca"]
[Result "1-0"]
[WhiteElo "2063"]
[BlackElo "2065"]
[PlyCount "51"]
[EventDate "2009.11.09"]

1. c4 d5 2. cxd5 Nf6 3. Nc3 Nxd5 4. g3 Nxc3 5. bxc3 g6 6. Bg2 Bg7 7. Rb1 c6 8.
Nf3 O-O 9. O-O Nd7 10. d4 e5 11. e4 Qc7 12. Qb3 exd4 13. cxd4 Nf6 14. Bf4 Qe7
15. Rfe1 b6 16. Bg5 h6 17. Bc1 Bb7 18. Ba3 c5 19. dxc5 Bxe4 20. cxb6 Qb7 21.
Bxf8 Bxf8 22. Rxe4 Nxe4 23. Nd2 Re8 24. Nxe4 Rxe4 25. Bxe4 Qxe4 26. b7 1-0

[Event "LIV C.to Torinese Assoluto"]
[Site "Torino ITA"]
[Date "2009.11.23"]
[Round "3"]
[White "Vozza, Nicola"]
[Black "Cacinschi, Alexandru"]
[Result "0-1"]
[WhiteElo "1924"]
[BlackElo "2034"]
[PlyCount "56"]
[EventDate "2009.11.09"]

1. d4 Nf6 2. Bg5 Ne4 3. Bf4 d5 4. f3 Nf6 5. e4 e6 6. Nc3 Bb4 7. e5 Nfd7 8. a3
Bxc3+ 9. bxc3 c5 10. Bg3 Nc6 11. Qd2 Qa5 12. Bf2 O-O 13. f4 f6 14. Nf3 fxe5 15.
fxe5 cxd4 16. cxd4 Qxd2+ 17. Kxd2 h6 18. Bd3 Nb6 19. Rhf1 Na5 20. Bg1 Nbc4+ 21.
Ke2 Bd7 22. Nh4 Rxf1 23. Rxf1 Nxa3 24. Ng6 Nc6 25. g4 Nc4 26. h4 Nb2 27. Rb1
Nxd3 28. Rxb7 Be8 0-1

[Event "LIV C.to Torinese Assoluto"]
[Site "Torino ITA"]
[Date "2009.11.30"]
[Round "4"]
[White "Barletta, Mauro"]
[Black "Pepino, Enrico"]
[Result "0-1"]
[WhiteElo "2210"]
[BlackElo "2154"]
[PlyCount "112"]
[EventDate "2009.11.09"]

1. e4 d6 2. d4 Nf6 3. Nc3 g6 4. f4 Bg7 5. e5 Nfd7 6. Nf3 O-O 7. h4 c5 8. h5
cxd4 9. hxg6 dxc3 10. gxf7+ Rxf7 11. Bc4 e6 12. Ng5 Nxe5 13. Qh5 h6 14. fxe5
hxg5 15. Qh7+ Kf8 16. Qh8+ Bxh8 17. Rxh8+ Kg7 18. Rxd8 Nc6 19. Rxd6 Nxe5 20.
Bb3 b6 21. bxc3 Ba6 22. c4 Nxc4 23. Bxc4 Bxc4 24. Bb2+ Kg6 25. O-O-O Bxa2 26.
Bc3 Bc4 27. R1d4 b5 28. Ba5 Rf4 29. Rd2 Raf8 30. Kb2 Rf2 31. Bc3 Rxd2 32. Rxd2
Bd5 33. Re2 Rf4 34. g3 Rf3 35. Be5 a5 36. Bc7 a4 37. Bd6 a3+ 38. Bxa3 Rxg3 39.
Bc5 g4 40. Kc1 Rh3 41. Kd2 g3 42. Bg1 Rh1 43. Re1 Kf5 44. Ke3 Kg4 45. Ra1 Kh3
46. Kf4 Kg2 47. Ra3 Kxg1 48. Kxg3 Kf1 49. Re3 Rg1+ 50. Kf4 Kf2 51. Rd3 Re1 52.
Rh3 Re4+ 53. Kg5 Re3 54. Rh2+ Kg3 55. Rd2 Rc3 56. Kf6 Kf4 0-1

[Event "LIV C.to Torinese Assoluto"]
[Site "Torino ITA"]
[Date "2009.11.30"]
[Round "4"]
[White "Bertagia, Roldano"]
[Black "Mazzetta, Renato"]
[Result "1/2-1/2"]
[WhiteElo "1996"]
[BlackElo "1913"]
[PlyCount "118"]
[EventDate "2009.11.09"]

1. e4 d5 2. exd5 Qxd5 3. Nc3 Qd6 4. d4 Nf6 5. Nf3 Bg4 6. Be3 c6 7. Bd3 e6 8. h3
Bh5 9. O-O Nbd7 10. a3 Qc7 11. b4 Nd5 12. Ne4 Nxe3 13. fxe3 Be7 14. Qe1 O-O 15.
Qg3 Qxg3 16. Nxg3 Bxf3 17. gxf3 a5 18. c3 axb4 19. axb4 Nb6 20. Ne2 Rxa1 21.
Rxa1 Ra8 22. Rxa8+ Nxa8 23. Nc1 Nc7 24. Kf2 Nd5 25. Na2 Kf8 26. Ke2 Ke8 27. Kd2
Kd7 28. Nc1 g6 29. Nb3 f5 30. Na5 Nxb4 31. Nxb7 Nd5 32. Bc4 Nb6 33. Bb3 g5 34.
c4 Bb4+ 35. Kd3 Kc7 36. c5 Kxb7 37. cxb6 Kxb6 38. Bxe6 f4 39. e4 Kc7 40. e5 Kd8
41. Ke4 Bf8 42. d5 cxd5+ 43. Bxd5 Ke8 44. Kf5 h6 45. Kg6 Kd8 46. Bg8 Ke7 47.
Bf7 Kd8 48. Kf6 Kd7 49. Bg6 Kd8 50. Kf7 Bc5 51. e6 Bb4 52. Kg7 Ke7 53. Bf7 Bd2
54. Kxh6 Kf6 55. Kh5 Bb4 56. Kg4 Be1 57. Bg8 Bb4 58. h4 gxh4 59. Kxh4 Ke7
1/2-1/2

[Event "LIV C.to Torinese Assoluto"]
[Site "Torino ITA"]
[Date "2009.11.30"]
[Round "4"]
[White "Berutti, Mario"]
[Black "Parodi, Alessandro"]
[Result "0-1"]
[WhiteElo "1796"]
[BlackElo "2087"]
[PlyCount "60"]
[EventDate "2009.11.09"]

1. e4 d6 2. d4 Nf6 3. Nc3 g6 4. Be3 Bg7 5. f3 O-O 6. Qd2 c6 7. h4 h5 8. Bh6 b5
9. Bxg7 Kxg7 10. Bd3 Qa5 11. Nge2 Nbd7 12. g4 Nb6 13. Ng3 Nc4 14. Bxc4 bxc4 15.
gxh5 Nxh5 16. b4 cxb3 17. Nxh5+ Qxh5 18. cxb3 Qxf3 19. Rg1 Rh8 20. d5 c5 21.
Qb2 Rxh4 22. Ne2+ f6 23. O-O-O Rxe4 24. Nc3 Re3 25. Rdf1 Rxc3+ 26. Kb1 Qd3+ 27.
Ka1 Rc2 28. Qa3 Bf5 29. Rxf5 Qd4+ 30. Kb1 Qxg1+ 0-1

[Event "LIV C.to Torinese Assoluto"]
[Site "Torino ITA"]
[Date "2009.11.30"]
[Round "4"]
[White "Cacinschi, Alexandru"]
[Black "De Barberis, Massimo"]
[Result "0-1"]
[WhiteElo "2034"]
[BlackElo "2073"]
[PlyCount "128"]
[EventDate "2009.11.09"]

1. e4 c5 2. Nf3 d6 3. d4 cxd4 4. Nxd4 Nf6 5. Nc3 a6 6. Be3 e6 7. f3 Nc6 8. Qd2
Qc7 9. O-O-O Nxd4 10. Bxd4 b5 11. Kb1 Bb7 12. g4 Rc8 13. h4 h6 14. Bh3 b4 15.
Ne2 Nd7 16. g5 hxg5 17. hxg5 Ne5 18. Bxe5 dxe5 19. g6 f5 20. exf5 Bxf3 21. fxe6
Rd8 22. Qxd8+ Qxd8 23. Rxd8+ Kxd8 24. Rd1+ Ke8 25. e7 Kxe7 26. Bf1 Rh2 27. Re1
Kf6 28. Ng3 a5 29. Bd3 Rf2 30. b3 Bc5 31. Ne4+ Bxe4 32. Bxe4 Bd4 33. Bd3 Bc3
34. Rh1 Rf4 35. Kc1 e4 36. Rf1 Rxf1+ 37. Bxf1 Kxg6 38. Kd1 Kf5 39. Ke2 Bd4 40.
Bg2 g5 41. Bh1 Ke5 42. Bg2 Kd5 43. Bh1 Be5 44. Bg2 Kd4 45. Bh1 Bf4 46. Bg2 e3
47. Bf3 Kc3 48. Kd1 Kb2 49. Bg4 Kxa2 50. Bf3 Ka3 51. Bg4 a4 52. bxa4 Kxa4 53.
Bf3 Ka3 54. Bg4 Kb2 55. Bf3 Kc3 56. Bg4 Kd4 57. Bf3 Bd6 58. Ke2 Bc5 59. Bg2 g4
60. Bc6 Ke5 61. Bb7 Kf4 62. Bc6 Kg3 63. Kf1 Kh2 64. Bb7 Bd4 0-1

[Event "LIV C.to Torinese Assoluto"]
[Site "Torino ITA"]
[Date "2009.11.30"]
[Round "4"]
[White "Davi, Alessandro"]
[Black "Giacometto, Mario"]
[Result "1-0"]
[WhiteElo "2024"]
[BlackElo "1954"]
[PlyCount "143"]
[EventDate "2009.11.09"]

1. d4 Nf6 2. c4 g6 3. Nc3 Bg7 4. e4 d6 5. Nf3 O-O 6. Be2 e5 7. O-O Nc6 8. d5
Ne7 9. Nd2 c5 10. dxc6 bxc6 11. Nb3 d5 12. cxd5 cxd5 13. exd5 Nfxd5 14. Nxd5
Qxd5 15. Qxd5 Nxd5 16. Bf3 Be6 17. Nc5 Rac8 18. Nxe6 fxe6 19. Rd1 Rc2 20. Bg4
Kf7 21. b3 e4 22. Ba3 Bxa1 23. Bxf8 Rxa2 24. Bc5 h5 25. Bh3 a5 26. g3 Bc3 27.
Bg2 Rb2 28. Bxe4 Nf6 29. Bd3 Rxb3 30. Bc4 Rb2 31. Rd8 Bb4 32. Rf8+ Kg7 33. Rb8
Bc3 34. Rc8 Nd5 35. Ba3 Rd2 36. Bxd5 Bd4 37. Rc7+ Kf6 38. Bg2 Rxf2 39. Kh1 Ra2
40. Be7+ Ke5 41. Rc1 Ra1 42. Rxa1 Bxa1 43. Bf8 Kd4 44. Kg1 Kc4 45. Bh3 e5 46.
Kf2 Bd4+ 47. Ke2 g5 48. Be6+ Kc3 49. Be7 h4 50. Bxg5 hxg3 51. hxg3 a4 52. Be3
e4 53. Bxd4+ Kxd4 54. Bf7 Ke5 55. Ke3 a3 56. Bb3 Kf5 57. Kf2 Ke5 58. Ke2 Kf5
59. Ke3 Kg4 60. Kf2 Kf5 61. Ba2 Ke5 62. Bb1 Kf5 63. Ke3 Ke5 64. g4 Kf6 65. Kxe4
Kg5 66. Kf3 Kh6 67. Kf4 Kg7 68. Kf5 Kh8 69. Kf6 Kg8 70. g5 Kh8 71. g6 a2 72.
g7+ 1-0

[Event "LIV C.to Torinese Assoluto"]
[Site "Torino ITA"]
[Date "2009.11.30"]
[Round "4"]
[White "Digiugno, Franco"]
[Black "Mantovan, Giuseppe"]
[Result "0-1"]
[WhiteElo "2083"]
[BlackElo "1916"]
[PlyCount "112"]
[EventDate "2009.11.09"]

1. d4 Nf6 2. Bg5 e6 3. e4 Be7 4. Nd2 d5 5. Bxf6 Bxf6 6. e5 Be7 7. c3 c5 8. Bb5+
Bd7 9. Bxd7+ Nxd7 10. Ne2 Rc8 11. f4 cxd4 12. Nxd4 a6 13. O-O Qb6 14. Qb3 Bc5
15. Qxb6 Bxb6 16. N2b3 Ke7 17. Rae1 Nc5 18. Kh1 Nxb3 19. Nxb3 g6 20. Rf3 Rc6
21. Rd1 Rd8 22. Rfd3 Rc4 23. Nd4 Rdc8 24. g3 Bxd4 25. Rxd4 b5 26. Kg2 Rxd4 27.
Rxd4 a5 28. Kf3 h5 29. Ke3 Kd7 30. Kd3 Rb8 31. h3 Kc6 32. b3 Rd8 33. Ke3 Kc5
34. a4 bxa4 35. Rxa4 Kb5 36. Kd4 Rc8 37. Ra2 Rc7 38. g4 hxg4 39. hxg4 Ra7 40.
Ra1 Rc7 41. Rb1 Kc6 42. Rh1 Rb7 43. Rh7 Rd7 44. Rh8 Ra7 45. Rc8+ Kd7 46. Rf8
Ke7 47. Rb8 a4 48. bxa4 Rxa4+ 49. Ke3 Rc4 50. Rb7+ Kf8 51. Rb3 Kg7 52. Kf3 Re4
53. Rb2 g5 54. fxg5 Rxe5 55. Kf4 Re4+ 56. Kf3 Rc4 0-1

[Event "LIV C.to Torinese Assoluto"]
[Site "Torino ITA"]
[Date "2009.11.30"]
[Round "4"]
[White "Finocchiaro, Gianluca"]
[Black "Barbiso, Tiziana"]
[Result "0-1"]
[WhiteElo "2065"]
[BlackElo "1925"]
[PlyCount "52"]
[EventDate "2009.11.09"]

1. e4 e6 2. d4 d5 3. e5 c5 4. dxc5 Bxc5 5. Nf3 Nc6 6. Bd3 Qc7 7. Qe2 Nge7 8.
Nc3 a6 9. O-O Ng6 10. Re1 Bd7 11. a3 Nd4 12. Nxd4 Bxd4 13. Bxg6 hxg6 14. Bd2
Rh5 15. Bf4 Rc8 16. g4 Rh8 17. Bd2 Qd8 18. Qf3 Qh4 19. Bf4 Bxc3 20. bxc3 Rc4
21. Rab1 Bc6 22. Rb4 d4 23. Qg3 Rxc3 24. Qxh4 Rxh4 25. Rxd4 Rxg4+ 26. Kf1 Bb5+
0-1

[Event "LIV C.to Torinese Assoluto"]
[Site "Torino ITA"]
[Date "2009.11.30"]
[Round "4"]
[White "Fortino, Fabrizio"]
[Black "Settis, Massimo"]
[Result "1-0"]
[WhiteElo "2041"]
[BlackElo "2063"]
[PlyCount "59"]
[EventDate "2009.11.09"]

1. e4 e6 2. d4 d5 3. Nc3 Nf6 4. e5 Nfd7 5. f4 c5 6. Nf3 Nc6 7. Be3 cxd4 8. Nxd4
Bc5 9. Qd2 Nxd4 10. Bxd4 Bxd4 11. Qxd4 Qb6 12. Qd2 Qxb2 13. Rb1 Qa3 14. Nb5
Qxa2 15. Qb4 a5 16. Nd6+ Kf8 17. Qb5 Qa3 18. Bd3 Qc5 19. Qa4 g6 20. Rb5 Qe3+
21. Kd1 Kg7 22. Re1 Qa7 23. f5 exf5 24. Bxf5 Nxe5 25. Bxc8 Nc4 26. Qa1+ d4 27.
Rxb7 Qc5 28. Rxf7+ Kh6 29. Nxc4 Qh5+ 30. g4 1-0

[Event "LIV C.to Torinese Assoluto"]
[Site "Torino ITA"]
[Date "2009.11.30"]
[Round "4"]
[White "Melone, Antonio"]
[Black "Gallucci, Alessio"]
[Result "1/2-1/2"]
[WhiteElo "1927"]
[BlackElo "2164"]
[PlyCount "112"]
[EventDate "2009.11.09"]

1. d4 Nf6 2. c4 g6 3. Nc3 d5 4. h4 c6 5. Bg5 Ne4 6. Nxe4 dxe4 7. Qd2 a6 8. h5
f6 9. Be3 g5 10. f3 Bf5 11. g4 Be6 12. fxe4 Bxc4 13. Qc3 Be6 14. Bxg5 fxg5 15.
d5 Rg8 16. dxe6 Bg7 17. Qb4 b5 18. Rd1 Qc7 19. Rh3 c5 20. Qd2 Nc6 21. Qd7+ Qxd7
22. exd7+ Kd8 23. Bg2 Ra7 24. Rd5 c4 25. b3 Rxd7 26. bxc4 bxc4 27. Rc5 Ne5 28.
Ra3 Rc7 29. Rxc7 Kxc7 30. Rxa6 Nxg4 31. Bh3 Bc3+ 32. Kf1 Ne3+ 33. Kf2 g4 34.
Kxe3 gxh3 35. Nf3 Bf6 36. Ra4 c3 37. e5 Bg5+ 38. Kd3 Bd2 39. Nxd2 cxd2 40. Kxd2
Ra8 41. Rh4 Rxa2+ 42. Ke1 Kd7 43. Kf2 Ke6 44. Rxh3 Ra5 45. Kf3 Rxe5 46. e4 Kf6
47. Kf4 Ra5 48. Kg4 Rg5+ 49. Kf4 Rg1 50. Ra3 e5+ 51. Kf3 Rh1 52. Kg4 Rg1+ 53.
Kf3 Rf1+ 54. Ke3 Rh1 55. Ra6+ Kg5 56. Re6 Rh3+ 1/2-1/2

[Event "LIV C.to Torinese Assoluto"]
[Site "Torino ITA"]
[Date "2009.11.30"]
[Round "4"]
[White "Ragni, Paolo"]
[Black "Fassio, Luca"]
[Result "1-0"]
[WhiteElo "2156"]
[BlackElo "2090"]
[PlyCount "79"]
[EventDate "2009.11.09"]

1. e4 g6 2. d4 Bg7 3. Nc3 d6 4. Nf3 Nf6 5. h3 O-O 6. Be3 Nc6 7. Qd2 e5 8. dxe5
Nxe5 9. Nxe5 dxe5 10. Bc4 Qxd2+ 11. Bxd2 c6 12. a4 Re8 13. Be3 b6 14. g4 Bf8
15. Ke2 Bb4 16. f3 Nd7 17. Rhd1 Nf8 18. Kf2 Ne6 19. Ne2 Kg7 20. c3 Bc5 21. Bxc5
Nxc5 22. Rd6 Be6 23. Bxe6 Rxe6 24. Rxe6 Nxe6 25. a5 Rd8 26. axb6 axb6 27. b4 b5
28. Ra6 Rd6 29. Ke3 h5 30. gxh5 gxh5 31. Ng3 Kg6 32. Nf5 Nc7 33. Rxc6 Rxc6 34.
Ne7+ Kg5 35. Nxc6 Kh4 36. Nxe5 Kxh3 37. Nxf7 Kg2 38. f4 h4 39. Ng5 Ne6 40. e5
1-0

[Event "LIV C.to Torinese Assoluto"]
[Site "Torino ITA"]
[Date "2009.12.04"]
[Round "5"]
[White "Barbiso, Tiziana"]
[Black "Barletta, Mauro"]
[Result "0-1"]
[WhiteElo "1925"]
[BlackElo "2210"]
[PlyCount "62"]
[EventDate "2009.11.09"]

1. e4 d5 2. exd5 Nf6 3. Bb5+ Bd7 4. Bc4 b5 5. Bb3 a5 6. c3 a4 7. Bc2 Nxd5 8.
Be4 Bc6 9. Qf3 e6 10. d4 f5 11. Bxd5 Bxd5 12. Qg3 Nd7 13. Nf3 Nf6 14. Bg5 Bd6
15. Bxf6 Qxf6 16. Ne5 f4 17. Qh3 Bxe5 18. Qh5+ g6 19. Qxe5 Qxe5+ 20. dxe5 Bxg2
21. Rg1 Bd5 22. Na3 c6 23. Nc2 O-O 24. Kd2 Rf5 25. Rae1 c5 26. a3 Rd8 27. Kc1
Bf3 28. h4 Rh5 29. Rg5 Rxh4 30. Reg1 Rh2 31. Rf1 Rxf2 0-1

[Event "LIV C.to Torinese Assoluto"]
[Site "Torino ITA"]
[Date "2009.12.04"]
[Round "5"]
[White "Berutti, Mario"]
[Black "Bertagia, Roldano"]
[Result "1-0"]
[WhiteElo "1796"]
[BlackElo "1996"]
[PlyCount "109"]
[EventDate "2009.11.09"]

1. e4 d5 2. exd5 Nf6 3. c4 c6 4. dxc6 Nxc6 5. Nf3 e5 6. d3 Bc5 7. Be2 Qb6 8.
O-O Bf5 9. Nc3 Qc7 10. a3 O-O 11. b4 Bd4 12. Nb5 Qd7 13. Nbxd4 Nxd4 14. Nxd4
Qxd4 15. Be3 Qd7 16. Qb3 Rfd8 17. Rad1 Qe6 18. Bf3 Rd7 19. Rfe1 Rad8 20. d4 e4
21. Be2 Ng4 22. d5 Qg6 23. Bxa7 e3 24. Bxe3 Bc2 25. Qc3 Bxd1 26. Rxd1 Re8 27.
Bd3 Qh5 28. Bf4 Nxf2 29. Re1 Nh3+ 30. gxh3 Rde7 31. Rxe7 Rxe7 32. d6 Qd1+ 33.
Bf1 Re1 34. Qxe1 Qxe1 35. c5 Kf8 36. Bg3 Qa1 37. b5 Ke8 38. b6 Kd7 39. Bf2 f5
40. Kg2 Kc6 41. Be2 Kd7 42. Bb5+ Ke6 43. d7 Qd1 44. a4 g5 45. c6 Qd5+ 46. Kg1
bxc6 47. Bc4 Qxc4 48. d8=Q Qxa4 49. Qc8+ Ke5 50. Qc7+ Kd5 51. Qd7+ Ke5 52. Qe7+
Kd5 53. b7 Qd1+ 54. Qe1 Qb3 55. Qd2+ 1-0

[Event "LIV C.to Torinese Assoluto"]
[Site "Torino ITA"]
[Date "2009.12.04"]
[Round "5"]
[White "Fassio, Luca"]
[Black "Davi, Alessandro"]
[Result "0-1"]
[WhiteElo "2090"]
[BlackElo "2024"]
[PlyCount "92"]
[EventDate "2009.11.09"]

1. e4 c5 2. c3 g6 3. d4 cxd4 4. cxd4 d5 5. e5 Nc6 6. Nc3 Bg7 7. Bb5 Nh6 8. Nge2
O-O 9. O-O Nf5 10. Bg5 f6 11. exf6 exf6 12. Bf4 Re8 13. Qa4 Nfe7 14. Rac1 Bg4
15. f3 Be6 16. Rfe1 g5 17. Bd2 Qb6 18. Kh1 a6 19. Bxc6 Nxc6 20. Nd1 Bf7 21. Bc3
Re7 22. Nf2 Rae8 23. Qc2 Nxd4 24. Nxd4 Rxe1+ 25. Rxe1 Rxe1+ 26. Bxe1 Qxd4 27.
Nd3 Qc4 28. Qxc4 dxc4 29. Nc5 Bd5 30. b3 cxb3 31. axb3 Kf7 32. h4 Bf8 33. b4 a5
34. hxg5 fxg5 35. Nd7 Bxb4 36. Bxb4 axb4 37. Ne5+ Ke6 38. Nd3 b3 39. Kh2 Bc4
40. Nb2 Kd5 41. Kg3 Kd4 42. Kg4 b5 43. Kxg5 Kc3 44. Nd1+ Kd2 45. Nf2 b2 46.
Ne4+ Kc2 0-1